| 000 | 00764nam a2200229 i 4500 | ||
|---|---|---|---|
| 001 | 69320 | ||
| 003 | ES-MaACL | ||
| 005 | 20250823063040.0 | ||
| 007 | t| | ||
| 008 | 040702s1976 sp ||||1| spa d | ||
| 100 | 1 |
_aGarcía Ballester, Luis, _d1936-2000 _954214 |
|
| 245 | 1 | 0 |
_aHistoria social de la medicina en la España de los siglos XIII al XVI / _cLuis García Ballester. |
| 260 |
_a[Madrid] : _bAkal, _c[1976] |
||
| 300 |
_a1 v. ; _c23 cm. |
||
| 490 | 1 | _aColección Textos | |
| 505 | 8 | _aContiene: V. I: La minoría musulmana y morisca | |
| 650 | 7 |
_aMedicina medieval _2embne _9152333 |
|
| 650 | 4 |
_aMedicina- _zEspaña- _yS.XVI. _9148884 |
|
| 830 | 0 |
_aColección Textos _9180523 |
|
| 852 |
_aES-MaACL _jP-176 _bR.94911 |
||
| 999 |
_c69320 _d69320 |
||